Normal view
MARC view
- Lt Col (Dr) Nasrullah Abeer
Entry Personal Name
001 - CONTROL NUMBER
- control field: 48416
003 - CONTROL NUMBER IDENTIFIER
- control field: NUST
005 - DATE AND TIME OF LATEST TRANSACTION
- control field: 20210314134041.0
008 - FIXED-LENGTH DATA ELEMENTS
- fixed length control field: 210314|| aca||aabn | a|a d
040 ## - CATALOGING SOURCE
- Original cataloging agency: NUST
- Transcribing agency: NUST
100 ## - HEADING--PERSONAL NAME
- Personal name: Lt Col (Dr) Nasrullah Abeer
670 ## - SOURCE DATA FOUND
- Source citation: Work cat.: (NUST): Parvez Iqbal Sulehri, Major 48415, A laboratory investigation to study the variation in strength of commercial brand ordinary portland cements, 1997
